Chemical synthesis and applications of graphene and carbon materials
This ready reference and handbook is unique in focusing on synthesis and the application of graphene and other carbon materials with an emphasis on chemistry aspects. It deals with top-down and bottom-up approaches, and presents the best synthetic methods.
Salvato in:
| Natura: | Libro |
|---|---|
| Lingua: | Undetermined |
| Pubblicazione: |
Germany
Wiley
2017
|
| Soggetti: | |
| Tags: |
Aggiungi Tag
Nessun Tag, puoi essere il primo ad aggiungerne! !
|
| Thư viện lưu trữ: | Trung tâm Học liệu Trường Đại học Cần Thơ |
|---|
| LEADER | 00834nam a2200205Ia 4500 | ||
|---|---|---|---|
| 001 | CTU_226906 | ||
| 008 | 210402s9999 xx 000 0 und d | ||
| 020 | |c 3131000 | ||
| 082 | |a 547.2 | ||
| 082 | |b C517 | ||
| 245 | 0 | |a Chemical synthesis and applications of graphene and carbon materials | |
| 245 | 0 | |c Markus Antonietti, Klaus Mullen (edited) | |
| 260 | |a Germany | ||
| 260 | |b Wiley | ||
| 260 | |c 2017 | ||
| 520 | |a This ready reference and handbook is unique in focusing on synthesis and the application of graphene and other carbon materials with an emphasis on chemistry aspects. It deals with top-down and bottom-up approaches, and presents the best synthetic methods. | ||
| 650 | |a Hợp chất Carbon,Carbon compounds | ||
| 904 | |i Nhi | ||
| 910 | |b dqhieu | ||
| 980 | |a Trung tâm Học liệu Trường Đại học Cần Thơ | ||